| 000 | 004490000a22001810004500 | ||
|---|---|---|---|
| 999 |
_c49265 _d49265 |
||
| 001 | 2117 | ||
| 003 | CO-MdFUSB | ||
| 005 | 20180425125317.0 | ||
| 008 | 180425b xxu||||| |||| 00| 0 eng d | ||
| 040 | _cCO-MdBIC | ||
| 082 | 0 | 4 | _a577 G58r |
| 100 | 1 | _aGómez Goméz, Sonia | |
| 245 | 1 | 0 | _aLa reforestación / Sonia Gómez Goméz |
| 260 | _aMedellin : Gobernacion de Antioquia | ||
| 300 | _a161 p. | ||
| 650 | 1 | 4 | _aFolclor colombiano |
| 942 | _cLGB | ||